00673nam a2200169Ia 4500008004100000040001800041041000800059100002600067245016100093260005400254300001800308650003100326650003000357651004200387651003400429651004000463130821s1967 pn gr spa  aCo-BoUCMbspa00aspa1 aClare Junior, Horacio14aLos delegados al congreso anfictiónico de Panamá en 1826 facsímil de los patronatos firmados en Panamá el 15 de Julio de 1826cHoracio Clare Junior aPanamá (Panamá, Suramérica)bEl Mundoc1967 a192 páginas04aCongreso de Panamá, 182604aPanamericanismoxHistoria 7aAmérica LatinaxHistoriay1825-1900 7aColombiaxHistoriay1819-1831 7aPerúxHistoriayRepública, 1825